[Event "9. Forchheimer Sparkassen Open 2010"]
[Site "Forchheim"]
[Date "2010.10.01"]
[Round "1.11"]
[White "Killmann, Martin"]
[Black "Wissel, Daniel"]
[Result "1/2-1/2"]
[WhiteElo "1766"]
[BlackElo "1685"]
[PlyCount "120"]
[EventDate "2010.??.??"]
[WhiteTeam "SC Forchheim e.V."]
[BlackTeam "SF Sailauf"]

1. d4 {[%emt 0:00:00]} Nf6 {[%emt 0:00:01]} 2. c4 {[%emt 0:00:03]} e6 {
[%emt 0:00:32]} 3. Nc3 {[%emt 0:00:02]} Bb4 {[%emt 0:00:02]} 4. Qc2 {
[%emt 0:00:02]} b6 {[%emt 0:00:01]} 5. e3 {[%emt 0:00:02]} Bb7 {[%emt 0:00:01]}
6. Bd2 {[%emt 0:00:02]} O-O {[%emt 0:00:02]} 7. Nf3 {[%emt 0:00:03]} d5 {
[%emt 0:00:02]} 8. a3 {[%emt 0:00:02]} Bd6 {[%emt 0:00:03]} 9. cxd5 {
[%emt 0:00:02]} exd5 {[%emt 0:00:01]} 10. Nb5 {[%emt 0:00:02]} c5 {
[%emt 0:00:02]} 11. Nxd6 {[%emt 0:00:02]} Qxd6 {[%emt 0:00:02]} 12. Be2 {
[%emt 0:00:02]} Nc6 {[%emt 0:00:04]} 13. dxc5 {[%emt 0:00:27]} bxc5 {
[%emt 0:00:01]} 14. O-O {[%emt 0:00:03]} Rac8 {[%emt 0:00:10]} 15. Qa4 {
[%emt 0:00:03]} Rfe8 {[%emt 0:00:02]} 16. Rfe1 {[%emt 0:00:06]} Re4 {
[%emt 0:00:02]} 17. Qd1 {[%emt 0:00:02]} d4 {[%emt 0:00:02]} 18. Bd3 {
[%emt 0:00:02]} Rg4 {[%emt 0:00:02]} 19. Bf5 {[%emt 0:00:02]} Rxg2+ {
[%emt 0:00:02]} 20. Kxg2 {[%emt 0:00:03]} Ne5 {[%emt 0:00:02]} 21. e4 {
[%emt 0:00:08]} Re8 {[%emt 0:00:00]} 22. Bf4 {[%emt 0:00:03]} g6 {
[%emt 0:00:03]} 23. Bxe5 {[%emt 0:00:03]} Rxe5 {[%emt 0:00:03]} 24. Nxe5 {
[%emt 0:00:01]} Qxe5 {[%emt 0:00:02]} 25. Bxg6 {[%emt 0:00:03]} hxg6 {
[%emt 0:00:03]} 26. f3 {[%emt 0:00:01]} Nh5 {[%emt 0:00:02]} 27. Rc1 {
[%emt 0:00:02]} Nf4+ {[%emt 0:00:02]} 28. Kh1 {[%emt 0:00:01]} Ba6 {
[%emt 0:00:02]} 29. Rc2 {[%emt 0:00:02]} Qh5 {[%emt 0:00:01]} 30. Rd2 {
[%emt 0:00:02]} Bb5 {[%emt 0:00:02]} 31. Rg1 {[%emt 0:00:03]} d3 {
[%emt 0:00:02]} 32. Rf1 {[%emt 0:00:06]} Bd7 {[%emt 0:00:02]} 33. Rxd3 {
[%emt 0:00:02]} Qh3 {[%emt 0:00:02]} 34. Rd2 {[%emt 0:00:02]} Ba4 {
[%emt 0:00:02]} 35. Qc1 {[%emt 0:00:03]} Bb5 {[%emt 0:00:01]} 36. Rff2 {
[%emt 0:00:02]} Nd3 {[%emt 0:00:02]} 37. Rxd3 {[%emt 0:00:02]} Bxd3 {
[%emt 0:00:01]} 38. Qe3 {[%emt 0:00:02]} Qh4 {[%emt 0:00:02]} 39. Qxc5 {
[%emt 0:00:04]} a6 {[%emt 0:00:01]} 40. Kg1 {[%emt 0:00:02]} Qf6 {
[%emt 0:00:02]} 41. Qc8+ {[%emt 0:00:02]} Kh7 {[%emt 0:00:02]} 42. Qc5 {
[%emt 0:00:02]} Bb5 {[%emt 0:00:02]} 43. f4 {[%emt 0:00:02]} Qe6 {
[%emt 0:00:02]} 44. f5 {[%emt 0:00:02]} Qxe4 {[%emt 0:00:02]} 45. fxg6+ {
[%emt 0:00:03]} Qxg6+ {[%emt 0:00:02]} 46. Rg2 {[%emt 0:00:02]} Qb1+ {
[%emt 0:00:01]} 47. Kf2 {[%emt 0:00:02]} Qxb2+ {[%emt 0:00:01]} 48. Kf3 {
[%emt 0:00:02]} Qf6+ {[%emt 0:00:01]} 49. Ke3 {[%emt 0:00:02]} Qe6+ {
[%emt 0:00:01]} 50. Kf4 {[%emt 0:00:01]} Qh6+ {[%emt 0:00:00]} 51. Qg5 {
[%emt 0:00:03]} Qd6+ {[%emt 0:00:03]} 52. Kg4 {[%emt 0:00:02]} Bd7+ {
[%emt 0:00:02]} 53. Kh4 {[%emt 0:00:02]} Qd4+ {[%emt 0:00:02]} 54. Kg3 {
[%emt 0:00:02]} Qd3+ {[%emt 0:00:02]} 55. Kf2 {[%emt 0:00:02]} Qc2+ {
[%emt 0:00:01]} 56. Ke1 {[%emt 0:00:02]} Qb1+ {[%emt 0:00:04]} 57. Ke2 {
[%emt 0:00:02]} Qc2+ {[%emt 0:00:01]} 58. Qd2 {[%emt 0:00:02]} Bb5+ {
[%emt 0:00:02]} 59. Ke3 {[%emt 0:00:04]} Qc5+ {[%emt 0:00:02]} 60. Kf4 {
[%emt 0:00:03]} Qxa3 {[%emt 0:00:02]} 1/2-1/2

[Event "9. Forchheimer Sparkassen Open 2010"]
[Site "Forchheim"]
[Date "2010.10.01"]
[Round "1.12"]
[White "Killmann, Reinmar"]
[Black "Körber, Thomas"]
[Result "1/2-1/2"]
[WhiteElo "1648"]
[BlackElo "1979"]
[PlyCount "51"]
[EventDate "2010.??.??"]
[WhiteTeam "SC Forchheim e.V."]
[BlackTeam "SF Fürth 1951 e.V."]

1. e4 {[%emt 0:00:00]} c5 {[%emt 0:00:02]} 2. Nf3 {[%emt 0:00:01]} d6 {
[%emt 0:00:02]} 3. d4 {[%emt 0:00:02]} cxd4 {[%emt 0:00:01]} 4. Nxd4 {
[%emt 0:00:01]} Nf6 {[%emt 0:00:03]} 5. Nc3 {[%emt 0:00:01]} a6 {[%emt 0:00:06]
} 6. Be2 {[%emt 0:00:02]} e6 {[%emt 0:00:01]} 7. O-O {[%emt 0:00:03]} Be7 {
[%emt 0:00:01]} 8. Be3 {[%emt 0:00:03]} O-O {[%emt 0:00:01]} 9. f4 {
[%emt 0:00:03]} Qc7 {[%emt 0:00:01]} 10. Qe1 {[%emt 0:00:04]} b5 {
[%emt 0:00:03]} 11. a3 {[%emt 0:00:02]} Bb7 {[%emt 0:00:01]} 12. Bd3 {
[%emt 0:00:03]} Ng4 {[%emt 0:00:02]} 13. h3 {[%emt 0:00:02]} Nxe3 {
[%emt 0:00:01]} 14. Qxe3 {[%emt 0:00:01]} Nc6 {[%emt 0:00:03]} 15. Nce2 {
[%emt 0:00:03]} Bf6 {[%emt 0:00:02]} 16. c3 {[%emt 0:00:02]} Qb6 {
[%emt 0:00:01]} 17. Nc2 {[%emt 0:00:03]} Bd8 {[%emt 0:00:02]} 18. Kh1 {
[%emt 0:00:02]} Qxe3 {[%emt 0:00:01]} 19. Nxe3 {[%emt 0:00:01]} Bb6 {
[%emt 0:00:02]} 20. Nc2 {[%emt 0:00:02]} Rac8 {[%emt 0:00:02]} 21. Ncd4 {
[%emt 0:00:02]} e5 {[%emt 0:00:01]} 22. Nxc6 {[%emt 0:00:01]} Bxc6 {
[%emt 0:00:01]} 23. fxe5 {[%emt 0:00:01]} dxe5 {[%emt 0:00:01]} 24. Rad1 {
[%emt 0:00:02]} Rcd8 {[%emt 0:00:07]} 25. c4 {[%emt 0:00:03]} Bd4 {
[%emt 0:00:01]} 26. cxb5 {[%emt 0:00:02]} 1/2-1/2

[Event "9. Forchheimer Sparkassen Open 2010"]
[Site "Forchheim"]
[Date "2010.10.01"]
[Round "1.13"]
[White "Stegmaier, Michael"]
[Black "Wagner, Robert"]
[Result "0-1"]
[WhiteElo "1850"]
[BlackElo "1826"]
[PlyCount "110"]
[EventDate "2010.??.??"]
[WhiteTeam "SC Tamm 74"]
[BlackTeam "SC Forchheim e.V."]

1. Nf3 {[%emt 0:00:00]} d5 {[%emt 0:00:01]} 2. d4 {[%emt 0:00:03]} Nf6 {
[%emt 0:00:00]} 3. e3 {[%emt 0:00:03]} c6 {[%emt 0:00:01]} 4. Bd3 {
[%emt 0:00:03]} Bg4 {[%emt 0:00:03]} 5. c4 {[%emt 0:00:02]} e6 {[%emt 0:00:02]}
6. Qb3 {[%emt 0:00:03]} Qc7 {[%emt 0:00:01]} 7. Ne5 {[%emt 0:00:02]} Bd6 {
[%emt 0:00:02]} 8. Nc3 {[%emt 0:00:02]} O-O {[%emt 0:00:02]} 9. Nxg4 {
[%emt 0:00:03]} Nxg4 {[%emt 0:00:01]} 10. Qd1 {[%emt 0:00:02]} Nf6 {
[%emt 0:00:02]} 11. h3 {[%emt 0:00:02]} e5 {[%emt 0:00:01]} 12. cxd5 {
[%emt 0:00:04]} Nxd5 {[%emt 0:00:07]} 13. O-O {[%emt 0:00:02]} Nxc3 {
[%emt 0:00:01]} 14. bxc3 {[%emt 0:00:03]} Nd7 {[%emt 0:00:01]} 15. f4 {
[%emt 0:00:03]} exf4 {[%emt 0:00:01]} 16. e4 {[%emt 0:00:07]} f6 {
[%emt 0:00:10]} 17. Qg4 {[%emt 0:00:03]} c5 {[%emt 0:00:02]} 18. Bxf4 {
[%emt 0:00:04]} Bxf4 {[%emt 0:00:01]} 19. Rxf4 {[%emt 0:00:02]} Rad8 {
[%emt 0:00:02]} 20. Qe6+ {[%emt 0:00:06]} Kh8 {[%emt 0:00:02]} 21. e5 {
[%emt 0:00:02]} fxe5 {[%emt 0:00:01]} 22. Rh4 {[%emt 0:00:02]} Nf6 {
[%emt 0:00:04]} 23. Rf1 {[%emt 0:00:05]} Rfe8 {[%emt 0:00:00]} 24. Qf5 {
[%emt 0:00:06]} h6 {[%emt 0:00:01]} 25. Qg6 {[%emt 0:00:01]} e4 {[%emt 0:00:01]
} 26. Rxf6 {[%emt 0:00:02]} exd3 {[%emt 0:00:03]} 27. g3 {[%emt 0:00:08]} d2 {
[%emt 0:00:03]} 28. Rxh6+ {[%emt 0:00:02]} gxh6 {[%emt 0:00:01]} 29. Qxh6+ {
[%emt 0:00:01]} Qh7 {[%emt 0:00:02]} 30. Qxd2 {[%emt 0:00:03]} Qg7 {
[%emt 0:00:01]} 31. Qf4 {[%emt 0:00:02]} cxd4 {[%emt 0:00:02]} 32. Rf5 {
[%emt 0:00:19]} Qh7 {[%emt 0:00:03]} 33. cxd4 {[%emt 0:00:04]} Qxh3 {
[%emt 0:00:02]} 34. Re5 {[%emt 0:00:02]} Rf8 {[%emt 0:00:01]} 35. Qh4+ {
[%emt 0:00:02]} Qxh4 {[%emt 0:00:01]} 36. gxh4 {[%emt 0:00:01]} Rxd4 {
[%emt 0:00:02]} 37. h5 {[%emt 0:00:02]} Ra4 {[%emt 0:00:02]} 38. Re2 {
[%emt 0:00:02]} Kh7 {[%emt 0:00:01]} 39. Kh2 {[%emt 0:00:02]} Kh6 {
[%emt 0:00:01]} 40. Rc2 {[%emt 0:00:04]} Kxh5 {[%emt 0:00:02]} 41. Kh3 {
[%emt 0:00:02]} Ra3+ {[%emt 0:00:02]} 42. Kh2 {[%emt 0:00:02]} Rf5 {
[%emt 0:00:02]} 43. Kg2 {[%emt 0:00:02]} b5 {[%emt 0:00:01]} 44. Rb2 {
[%emt 0:00:02]} a5 {[%emt 0:00:01]} 45. Kg1 {[%emt 0:00:02]} b4 {[%emt 0:00:01]
} 46. Rh2+ {[%emt 0:00:02]} Kg4 {[%emt 0:00:02]} 47. Rb2 {[%emt 0:00:02]} Rf4 {
[%emt 0:00:02]} 48. Kh2 {[%emt 0:00:01]} a4 {[%emt 0:00:03]} 49. Kg2 {
[%emt 0:00:02]} Kf5 {[%emt 0:00:02]} 50. Rc2 {[%emt 0:00:19]} b3 {
[%emt 0:00:19]} 51. Kg1 {[%emt 0:00:00]} bxa2 {[%emt 0:00:26]} 52. Rc5+ {
[%emt 0:00:06]} Kg4 {[%emt 0:00:02]} 53. Kh2 {[%emt 0:00:02]} Rh3+ {
[%emt 0:00:02]} 54. Kg2 {[%emt 0:00:01]} Rg3+ {[%emt 0:00:04]} 55. Kh2 {
[%emt 0:00:01]} Rf2+ {[%emt 0:00:01]} 0-1

[Event "9. Forchheimer Sparkassen Open 2010"]
[Site "Forchheim"]
[Date "2010.10.01"]
[Round "1.14"]
[White "Wabra, Robert"]
[Black "Adelhütte, Dennis"]
[Result "1/2-1/2"]
[WhiteElo "1685"]
[BlackElo "1942"]
[PlyCount "68"]
[EventDate "2010.??.??"]
[WhiteTeam "Thüringer SV Triebes"]
[BlackTeam "SC Erlangen 48/88"]

1. d4 {[%emt 0:00:00]} Nf6 {[%emt 0:00:02]} 2. c4 {[%emt 0:00:02]} g6 {
[%emt 0:00:01]} 3. Nc3 {[%emt 0:00:01]} Bg7 {[%emt 0:00:01]} 4. e4 {
[%emt 0:00:04]} d6 {[%emt 0:00:01]} 5. Nf3 {[%emt 0:00:02]} Nc6 {[%emt 0:00:01]
} 6. d5 {[%emt 0:00:03]} Nb8 {[%emt 0:00:01]} 7. Qc2 {[%emt 0:00:02]} e5 {
[%emt 0:00:01]} 8. Be2 {[%emt 0:00:02]} O-O {[%emt 0:00:02]} 9. O-O {
[%emt 0:00:02]} Na6 {[%emt 0:00:01]} 10. a3 {[%emt 0:00:02]} c6 {[%emt 0:00:00]
} 11. h3 {[%emt 0:00:02]} Ne8 {[%emt 0:00:02]} 12. b4 {[%emt 0:00:02]} f5 {
[%emt 0:00:01]} 13. dxc6 {[%emt 0:00:02]} bxc6 {[%emt 0:00:02]} 14. Bb2 {
[%emt 0:00:02]} Nf6 {[%emt 0:00:02]} 15. Rad1 {[%emt 0:00:02]} Qc7 {
[%emt 0:00:01]} 16. Bd3 {[%emt 0:00:02]} f4 {[%emt 0:00:09]} 17. Rd2 {
[%emt 0:00:02]} Qe7 {[%emt 0:00:02]} 18. Rfd1 {[%emt 0:00:03]} Nc7 {
[%emt 0:00:02]} 19. Bf1 {[%emt 0:00:00]} Nfe8 {[%emt 0:00:05]} 20. a4 {
[%emt 0:00:02]} g5 {[%emt 0:00:01]} 21. Nh2 {[%emt 0:00:03]} h5 {[%emt 0:00:01]
} 22. f3 {[%emt 0:00:02]} Ne6 {[%emt 0:00:03]} 23. Ne2 {[%emt 0:00:03]} a6 {
[%emt 0:00:02]} 24. c5 {[%emt 0:00:01]} dxc5 {[%emt 0:00:02]} 25. bxc5 {
[%emt 0:00:02]} Qxc5+ {[%emt 0:00:02]} 26. Qxc5 {[%emt 0:00:01]} Nxc5 {
[%emt 0:00:01]} 27. Ba3 {[%emt 0:00:01]} Nxa4 {[%emt 0:00:01]} 28. Bxf8 {
[%emt 0:00:10]} Kxf8 {[%emt 0:00:01]} 29. Ra1 {[%emt 0:00:02]} Nb6 {
[%emt 0:00:02]} 30. Rc2 {[%emt 0:00:02]} Bd7 {[%emt 0:00:02]} 31. Rc5 {
[%emt 0:00:02]} Nd6 {[%emt 0:00:02]} 32. Rca5 {[%emt 0:00:03]} Bc8 {
[%emt 0:00:02]} 33. Nc3 {[%emt 0:00:03]} Bf6 {[%emt 0:00:02]} 34. Bxa6 {
[%emt 0:00:03]} Be7 {[%emt 0:00:04]} 1/2-1/2

[Event "9. Forchheimer Sparkassen Open 2010"]
[Site "Forchheim"]
[Date "2010.10.01"]
[Round "1.15"]
[White "Mager, Denis"]
[Black "Schaedlich, Helmut"]
[Result "1-0"]
[WhiteElo "1678"]
[BlackElo "1684"]
[PlyCount "79"]
[EventDate "2010.??.??"]
[WhiteTeam "SAbt TuS Makkabi Ffm"]
[BlackTeam "SC Kirchseeon e.V."]

1. Nf3 {[%emt 0:00:00]} f5 {[%emt 0:00:02]} 2. d4 {[%emt 0:00:03]} Nf6 {
[%emt 0:00:01]} 3. c4 {[%emt 0:00:02]} e6 {[%emt 0:00:01]} 4. Bf4 {
[%emt 0:00:02]} Bb4+ {[%emt 0:00:02]} 5. Nbd2 {[%emt 0:00:02]} O-O {
[%emt 0:00:02]} 6. a3 {[%emt 0:00:04]} Be7 {[%emt 0:00:02]} 7. h3 {
[%emt 0:00:02]} b6 {[%emt 0:00:00]} 8. e3 {[%emt 0:00:01]} Bb7 {[%emt 0:00:01]}
9. Bd3 {[%emt 0:00:03]} Ne4 {[%emt 0:00:02]} 10. Qc2 {[%emt 0:00:02]} Nxd2 {
[%emt 0:00:01]} 11. Qxd2 {[%emt 0:00:03]} d6 {[%emt 0:00:02]} 12. O-O-O {
[%emt 0:00:02]} Nd7 {[%emt 0:00:01]} 13. Rhe1 {[%emt 0:00:03]} Bf6 {
[%emt 0:00:02]} 14. e4 {[%emt 0:00:02]} e5 {[%emt 0:00:01]} 15. Bg5 {
[%emt 0:00:02]} f4 {[%emt 0:00:01]} 16. Bxf6 {[%emt 0:00:02]} Qxf6 {
[%emt 0:00:01]} 17. Qc3 {[%emt 0:00:02]} c5 {[%emt 0:00:02]} 18. dxe5 {
[%emt 0:00:03]} Nxe5 {[%emt 0:00:03]} 19. Nxe5 {[%emt 0:00:01]} dxe5 {
[%emt 0:00:01]} 20. b4 {[%emt 0:00:02]} Qe7 {[%emt 0:00:02]} 21. Bc2 {
[%emt 0:00:04]} Rad8 {[%emt 0:00:02]} 22. Rd5 {[%emt 0:00:02]} Bxd5 {
[%emt 0:00:02]} 23. exd5 {[%emt 0:00:02]} Qf6 {[%emt 0:00:01]} 24. Ba4 {
[%emt 0:00:02]} e4 {[%emt 0:00:02]} 25. Qxf6 {[%emt 0:00:02]} Rxf6 {
[%emt 0:00:01]} 26. Rxe4 {[%emt 0:00:02]} Rg6 {[%emt 0:00:08]} 27. Rxf4 {
[%emt 0:00:02]} Rxg2 {[%emt 0:00:01]} 28. Re4 {[%emt 0:00:54]} Rxf2 {
[%emt 0:00:02]} 29. Re7 {[%emt 0:00:03]} Ra2 {[%emt 0:00:04]} 30. Rxa7 {
[%emt 0:00:03]} Rxa3 {[%emt 0:00:01]} 31. bxc5 {[%emt 0:00:01]} bxc5 {
[%emt 0:00:01]} 32. Kb2 {[%emt 0:00:01]} Rxh3 {[%emt 0:00:02]} 33. Ra5 {
[%emt 0:00:03]} Rf8 {[%emt 0:00:00]} 34. Bb3 {[%emt 0:00:05]} Rf2+ {
[%emt 0:00:01]} 35. Bc2 {[%emt 0:00:01]} Rhh2 {[%emt 0:00:04]} 36. Ra8+ {
[%emt 0:00:02]} Kf7 {[%emt 0:00:01]} 37. Ra7+ {[%emt 0:00:02]} Kf6 {
[%emt 0:00:04]} 38. Ra6+ {[%emt 0:00:01]} Ke5 {[%emt 0:00:03]} 39. Re6+ {
[%emt 0:00:02]} Kd4 {[%emt 0:00:04]} 40. Re4# {[%emt 0:00:03]} 1-0

[Event "9. Forchheimer Sparkassen Open 2010"]
[Site "Forchheim"]
[Date "2010.10.01"]
[Round "1.16"]
[White "Mann, Johannes"]
[Black "Pokorny, Klaus"]
[Result "1/2-1/2"]
[WhiteElo "1794"]
[BlackElo "1807"]
[PlyCount "94"]
[EventDate "2010.??.??"]
[WhiteTeam "SK Schweinfurt 2000 e.V."]
[BlackTeam "TSV Kirchehrenbach"]

1. e4 {[%emt 0:00:00]} e6 {[%emt 0:00:02]} 2. Nc3 {[%emt 0:00:02]} d5 {
[%emt 0:00:02]} 3. d4 {[%emt 0:00:02]} Nf6 {[%emt 0:00:01]} 4. e5 {
[%emt 0:00:02]} Nfd7 {[%emt 0:00:01]} 5. Nce2 {[%emt 0:00:03]} c5 {
[%emt 0:00:03]} 6. f4 {[%emt 0:00:03]} Nc6 {[%emt 0:00:06]} 7. Nf3 {
[%emt 0:00:02]} Qb6 {[%emt 0:00:02]} 8. c3 {[%emt 0:00:02]} cxd4 {
[%emt 0:00:02]} 9. Nexd4 {[%emt 0:00:03]} Bc5 {[%emt 0:00:02]} 10. Be2 {
[%emt 0:00:02]} O-O {[%emt 0:00:03]} 11. b4 {[%emt 0:00:02]} Nxd4 {
[%emt 0:00:02]} 12. Nxd4 {[%emt 0:00:03]} Bxd4 {[%emt 0:00:02]} 13. Qxd4 {
[%emt 0:00:01]} Qxd4 {[%emt 0:00:01]} 14. cxd4 {[%emt 0:00:01]} Nb6 {
[%emt 0:00:01]} 15. a4 {[%emt 0:00:01]} Bd7 {[%emt 0:00:01]} 16. b5 {
[%emt 0:00:02]} Rfc8 {[%emt 0:00:02]} 17. Kd2 {[%emt 0:00:03]} Be8 {
[%emt 0:00:04]} 18. h4 {[%emt 0:00:02]} Rc7 {[%emt 0:00:01]} 19. Bb2 {
[%emt 0:00:02]} Rac8 {[%emt 0:00:02]} 20. Rhc1 {[%emt 0:00:06]} Rxc1 {
[%emt 0:00:03]} 21. Bxc1 {[%emt 0:00:02]} f6 {[%emt 0:00:01]} 22. Bd3 {
[%emt 0:00:01]} Bg6 {[%emt 0:00:02]} 23. Bxg6 {[%emt 0:00:02]} hxg6 {
[%emt 0:00:01]} 24. Kd3 {[%emt 0:00:02]} Rc4 {[%emt 0:00:02]} 25. a5 {
[%emt 0:00:01]} Na4 {[%emt 0:00:02]} 26. Ra2 {[%emt 0:00:02]} Rxc1 {
[%emt 0:00:02]} 27. Rxa4 {[%emt 0:00:01]} Kh7 {[%emt 0:00:02]} 28. a6 {
[%emt 0:00:03]} b6 {[%emt 0:00:01]} 29. Rb4 {[%emt 0:00:02]} Kh6 {
[%emt 0:00:02]} 30. Rb3 {[%emt 0:00:02]} f5 {[%emt 0:00:02]} 31. Ke3 {
[%emt 0:00:02]} Kh5 {[%emt 0:00:02]} 32. g3 {[%emt 0:00:01]} Kg4 {
[%emt 0:00:01]} 33. Kf2 {[%emt 0:00:05]} Rc2+ {[%emt 0:00:02]} 34. Ke1 {
[%emt 0:00:02]} Kh3 {[%emt 0:00:01]} 35. Kd1 {[%emt 0:00:02]} Rc4 {
[%emt 0:00:01]} 36. Rd3 {[%emt 0:00:02]} Kg2 {[%emt 0:00:02]} 37. Ke2 {
[%emt 0:00:03]} Rc2+ {[%emt 0:00:02]} 38. Kd1 {[%emt 0:00:02]} Rc7 {
[%emt 0:00:01]} 39. Ke2 {[%emt 0:00:00]} Rc2+ {[%emt 0:00:05]} 40. Ke1 {
[%emt 0:00:00]} Rc4 {[%emt 0:00:03]} 41. Ke2 {[%emt 0:00:02]} Kh3 {
[%emt 0:00:01]} 42. Ke1 {[%emt 0:00:02]} Kg4 {[%emt 0:00:01]} 43. Ke2 {
[%emt 0:00:02]} Kh5 {[%emt 0:00:01]} 44. Ke1 {[%emt 0:00:02]} Kh6 {
[%emt 0:00:02]} 45. Ke2 {[%emt 0:00:01]} Kh7 {[%emt 0:00:01]} 46. Kd2 {
[%emt 0:00:02]} Kg8 {[%emt 0:00:02]} 47. Rc3 {[%emt 0:00:03]} Rxc3 {
[%emt 0:00:01]} 1/2-1/2

[Event "9. Forchheimer Sparkassen Open 2010"]
[Site "Forchheim"]
[Date "2010.10.01"]
[Round "1.17"]
[White "Üstün, Engin"]
[Black "Becker, Matthias"]
[Result "0-1"]
[WhiteElo "1798"]
[BlackElo "1680"]
[PlyCount "48"]
[EventDate "2010.??.??"]
[TimeControl "300"]

1. d4 {[%emt 0:00:00]} Nf6 {[%emt 0:00:01]} 2. c4 {[%emt 0:00:01]} e5 {
[%emt 0:00:02]} 3. e3 {[%emt 0:00:02]} exd4 {[%emt 0:00:01]} 4. exd4 {
[%emt 0:00:01]} Bb4+ {[%emt 0:00:02]} 5. Bd2 {[%emt 0:00:01]} Qe7+ {
[%emt 0:00:01]} 6. Be2 {[%emt 0:00:02]} O-O {[%emt 0:00:27]} 7. Nf3 {
[%emt 0:00:11]} Re8 {[%emt 0:00:02]} 8. a3 {[%emt 0:00:02]} Bxd2+ {
[%emt 0:00:02]} 9. Qxd2 {[%emt 0:00:01]} d5 {[%emt 0:00:01]} 10. Nc3 {
[%emt 0:00:01]} dxc4 {[%emt 0:00:01]} 11. O-O {[%emt 0:00:01]} Bg4 {
[%emt 0:00:02]} 12. Rfe1 {[%emt 0:00:02]} Nc6 {[%emt 0:00:02]} 13. Ne5 {
[%emt 0:00:02]} Bxe2 {[%emt 0:00:04]} 14. Nxc6 {[%emt 0:00:01]} bxc6 {
[%emt 0:00:05]} 15. Nxe2 {[%emt 0:00:03]} Ne4 {[%emt 0:00:01]} 16. Qc2 {
[%emt 0:00:02]} Qf6 {[%emt 0:00:02]} 17. f3 {[%emt 0:00:02]} Nd6 {
[%emt 0:00:01]} 18. Rad1 {[%emt 0:00:02]} Re3 {[%emt 0:00:02]} 19. d5 {
[%emt 0:00:01]} cxd5 {[%emt 0:00:02]} 20. Rxd5 {[%emt 0:00:02]} Rb8 {
[%emt 0:00:03]} 21. Rd2 {[%emt 0:00:03]} Rbb3 {[%emt 0:00:03]} 22. Red1 {
[%emt 0:00:02]} Rbd3 {[%emt 0:00:04]} 23. b4 {[%emt 0:00:02]} Rxe2 {
[%emt 0:00:02]} 24. Rxe2 {[%emt 0:00:03]} Qd4+ {[%emt 0:00:01]} 0-1

[Event "9. Forchheimer Sparkassen Open 2010"]
[Site "Forchheim"]
[Date "2010.10.01"]
[Round "1.18"]
[White "Balhar, Michael"]
[Black "Radeck, Jochen"]
[Result "1-0"]
[WhiteElo "1812"]
[BlackElo "1793"]
[PlyCount "67"]
[EventDate "2010.??.??"]
[WhiteTeam "SC Erlangen 48/88"]
[BlackTeam "SC Forchheim e.V."]

1. e4 {[%emt 0:00:00]} d6 {[%emt 0:00:01]} 2. d4 {[%emt 0:00:02]} Nf6 {
[%emt 0:00:01]} 3. Nc3 {[%emt 0:00:02]} g6 {[%emt 0:00:01]} 4. f4 {
[%emt 0:00:01]} Bg7 {[%emt 0:00:01]} 5. Nf3 {[%emt 0:00:02]} O-O {
[%emt 0:00:02]} 6. Bd3 {[%emt 0:00:02]} c5 {[%emt 0:00:01]} 7. dxc5 {
[%emt 0:00:02]} dxc5 {[%emt 0:00:01]} 8. O-O {[%emt 0:00:02]} Nc6 {
[%emt 0:00:02]} 9. Kh1 {[%emt 0:00:03]} e6 {[%emt 0:00:01]} 10. Qe2 {
[%emt 0:00:29]} a6 {[%emt 0:00:02]} 11. e5 {[%emt 0:00:02]} Nd5 {[%emt 0:00:01]
} 12. Na4 {[%emt 0:00:04]} b6 {[%emt 0:00:02]} 13. c4 {[%emt 0:00:04]} Nde7 {
[%emt 0:00:02]} 14. Be3 {[%emt 0:00:02]} Qc7 {[%emt 0:00:01]} 15. a3 {
[%emt 0:00:02]} Rb8 {[%emt 0:00:02]} 16. Rad1 {[%emt 0:00:02]} Rd8 {
[%emt 0:00:02]} 17. Be4 {[%emt 0:00:02]} Bd7 {[%emt 0:00:02]} 18. Nc3 {
[%emt 0:00:02]} Nf5 {[%emt 0:00:02]} 19. Bg1 {[%emt 0:00:02]} Be8 {
[%emt 0:00:02]} 20. Bc2 {[%emt 0:00:02]} Bh6 {[%emt 0:00:01]} 21. g3 {
[%emt 0:00:02]} Ncd4 {[%emt 0:00:02]} 22. Nxd4 {[%emt 0:00:02]} cxd4 {
[%emt 0:00:02]} 23. Ne4 {[%emt 0:00:02]} Bc6 {[%emt 0:00:02]} 24. g4 {
[%emt 0:00:02]} Ne3 {[%emt 0:00:01]} 25. Bxe3 {[%emt 0:00:02]} dxe3 {
[%emt 0:00:02]} 26. Qxe3 {[%emt 0:00:02]} Qxe5 {[%emt 0:00:00]} 27. g5 {
[%emt 0:00:05]} Qxb2 {[%emt 0:00:02]} 28. Rxd8+ {[%emt 0:00:03]} Rxd8 {
[%emt 0:00:02]} 29. Rf2 {[%emt 0:00:02]} Bf8 {[%emt 0:00:01]} 30. Kg1 {
[%emt 0:00:02]} Bxa3 {[%emt 0:00:02]} 31. Nf6+ {[%emt 0:00:02]} Kg7 {
[%emt 0:00:02]} 32. Qh3 {[%emt 0:00:01]} Qc1+ {[%emt 0:00:04]} 33. Qf1 {
[%emt 0:00:03]} Qe3 {[%emt 0:00:02]} 34. Qa1 {[%emt 0:00:03]} 1-0